[Event "FIN-chT1B 1819"]
[Site "Finland"]
[Date "2018.11.10"]
[Round "2.4"]
[White "Koskimaa, Esko"]
[Black "Lehto, Ville"]
[Result "1-0"]
[WhiteElo "2024"]
[BlackElo "2150"]
[PlyCount "49"]
[EventDate "2018.09.15"]
[EventType "team-tourn"]
[EventRounds "7"]
[EventCountry "FIN"]
[SourceTitle "EXT 2020"]
[Source "ChessBase"]
[SourceDate "2019.10.17"]
[SourceVersion "1"]
[SourceVersionDate "2019.10.17"]
[SourceQuality "1"]
[WhiteTeam "Helsinki KSK"]
[BlackTeam "Vantaa Gambitti"]
[WhiteTeamCountry "FIN"]
[BlackTeamCountry "FIN"]

1. d4 d6 2. Nf3 g6 3. g3 Bg7 4. Bg2 f5 5. 0-0 Nf6 6. c4 0-0 7. Nc3 Nc6 8. d5 Ne5 9. Nxe5 dxe5 10. e4 f4 11. gxf4 exf4 12. e5 Ng4 13. e6 Ne5 14. Qb3 g5 15. Re1 c6 16. Bd2 Kh8 17. Ne4 h6 18. Bc3 f3 19. Bxe5 Bxe5 20. Bxf3 Qc7 21. Ng3 Bd4 22. Re2 c5 23. Nh5 Rb8 24. Qd3 Rg8 25. Qf5 1-0

[Event "FIN-chT1A 1718"]
[Site "Finland"]
[Date "2017.12.03"]
[Round "5.5"]
[White "Lehto, Ville"]
[Black "Torkkola, Henri"]
[Result "1/2-1/2"]
[WhiteElo "2148"]
[BlackElo "2239"]
[PlyCount "47"]
[EventDate "2017.09.16"]
[EventType "team-tourn"]
[EventRounds "7"]
[EventCountry "FIN"]
[SourceTitle "EXT 2020"]
[Source "ChessBase"]
[SourceDate "2019.10.17"]
[SourceVersion "1"]
[SourceVersionDate "2019.10.17"]
[SourceQuality "1"]
[WhiteTeam "Vantaa Remi"]
[BlackTeam "Sastamala VammSK"]
[WhiteTeamCountry "FIN"]
[BlackTeamCountry "FIN"]

1. g3 e5 2. Bg2 d5 3. d3 Nf6 4. Nf3 Bd6 5. 0-0 0-0 6. c4 c6 7. cxd5 cxd5 8. Bg5 Be6 9. Nc3 Nbd7 10. e4 Qb6 11. exd5 Nxd5 12. Nd2 N7f6 13. Nc4 Qa6 14. Nxd6 Qxd6 15. d4 Nxc3 16. bxc3 Bc4 17. Re1 exd4 18. Qxd4 Qxd4 19. cxd4 Rad8 20. Bxb7 Rxd4 21. Be3 Rd7 22. Bc6 Rd6 23. Bf3 Ra6 24. Rec1 1/2-1/2

[Event "FIN-chT2 Gp3 1617"]
[Site "Finland"]
[Date "2016.10.09"]
[Round "3.1"]
[White "Lehto, Ville"]
[Black "Taivainen, Jukka"]
[Result "0-1"]
[WhiteElo "2168"]
[BlackElo "2225"]
[PlyCount "41"]
[EventDate "2016.09.17"]
[EventType "team-tourn"]
[EventRounds "6"]
[EventCountry "FIN"]
[SourceTitle "EXT 2019"]
[Source "ChessBase"]
[SourceDate "2018.10.10"]
[SourceVersion "1"]
[SourceVersionDate "2018.10.10"]
[SourceQuality "1"]
[WhiteTeam "Helsinki X"]
[BlackTeam "Tampere SK"]
[WhiteTeamCountry "FIN"]
[BlackTeamCountry "FIN"]

1. e4 e6 2. d4 d5 3. Nd2 Nf6 4. e5 Nfd7 5. Ndf3 c5 6. c3 Nc6 7. Bd3 Qa5 8. dxc5 Nxc5 9. Bc2 Qc7 10. Qe2 a5 11. Bf4 Bd7 12. Nd4 Nxd4 13. cxd4 Na4 14. Rb1 Nxb2 15. Bb3 Nc4 16. Bxc4 Qxc4 17. Qxc4 dxc4 18. Rxb7 Bc6 19. Rb1 Bxg2 20. f3 Bxh1 21. Kf2 0-1

[Event "FIN-chT2 Gp3 1516"]
[Site "Finland"]
[Date "2015.09.12"]
[Round "1.1"]
[White "Lehto, Ville"]
[Black "Hartio, Ilkka"]
[Result "1-0"]
[WhiteElo "2157"]
[BlackElo "2010"]
[PlyCount "97"]
[EventDate "2015.09.12"]
[EventType "team-tourn"]
[EventRounds "6"]
[EventCountry "FIN"]
[SourceTitle "EXT 2017"]
[Source "ChessBase"]
[SourceDate "2016.10.25"]
[SourceVersion "1"]
[SourceVersionDate "2016.10.25"]
[SourceQuality "1"]
[WhiteTeam "Helsinki X"]
[BlackTeam "Jyvaskyla JyS II"]
[WhiteTeamCountry "FIN"]
[BlackTeamCountry "FIN"]

1. e4 c6 2. d4 d5 3. Nd2 dxe4 4. Nxe4 Bf5 5. Ng3 Bg6 6. Nf3 Nd7 7. h4 h6 8. h5 Bh7 9. Bd3 Bxd3 10. Qxd3 e6 11. Bd2 Ngf6 12. 0-0-0 Be7 13. Qe2 0-0 14. Ne5 c5 15. Nxd7 Qxd7 16. Be3 Qc6 17. Kb1 Rfd8 18. c4 cxd4 19. Bxd4 Rd7 20. Bxf6 Rxd1+ 21. Rxd1 Bxf6 22. Ne4 Be7 23. f4 Rd8 24. Rxd8+ Bxd8 25. Qd3 Be7 26. g4 Qc7 27. f5 exf5 28. gxf5 Qh2 29. Qd5 Qxh5 30. a3 b6 31. Ka2 Qe2 32. Qc6 Kh7 33. Qd5 Bh4 34. f6 Kg6 35. fxg7 Kxg7 36. Nd6 Qf2 37. Qf5 Kf8 38. Qd7 Kg7 39. Qg4+ Bg5 40. Qd7 Bc1 41. Qb5 h5 42. Qe5+ Kg6 43. Qe4+ Kg5 44. Qd5+ Kg6 45. Qd3+ Kg7 46. Qc3+ f6 47. Qxc1 h4 48. Qh1 f5 49. Qxh4 1-0

[Event "FIN-chT1A 1415"]
[Site "Finland"]
[Date "2014.11.16"]
[Round "4.3"]
[White "Rosi, Aleksei"]
[Black "Lehto, Ville"]
[Result "1/2-1/2"]
[WhiteElo "2105"]
[BlackElo "2165"]
[PlyCount "93"]
[EventDate "2014.09.27"]
[EventType "team-tourn"]
[EventRounds "7"]
[EventCountry "FIN"]
[SourceTitle "EXT 2017"]
[Source "ChessBase"]
[SourceDate "2016.10.25"]
[SourceVersion "1"]
[SourceVersionDate "2016.10.25"]
[SourceQuality "1"]
[WhiteTeam "Loimaa SK"]
[BlackTeam "Helsinki KS 58"]
[WhiteTeamCountry "FIN"]
[BlackTeamCountry "FIN"]

1. e4 c5 2. Nf3 e6 3. d4 cxd4 4. Nxd4 Qb6 5. Nb3 a6 6. Bd3 Qc7 7. 0-0 d6 8. Nc3 Nf6 9. Be3 b5 10. a4 b4 11. Ne2 Bb7 12. Ng3 Nbd7 13. a5 h5 14. f3 d5 15. exd5 Nxd5 16. Bf2 Bd6 17. Re1 h4 18. Nf1 Ne5 19. Be4 h3 20. g3 f5 21. Bxd5 Bxd5 22. Nfd2 Qb7 23. Nd4 Kf7 24. Qe2 g5 25. c4 bxc3 26. bxc3 Rac8 27. Rab1 Qa8 28. Rb6 Bc7 29. Rxa6 Qb7 30. Rb1 Qxb1+ 31. Nxb1 Bc4 32. Qe3 Bxa6 33. f4 gxf4 34. gxf4 Rcg8+ 35. Bg3 Rxg3+ 36. Qxg3 Nd3 37. Nxe6 Rb8 38. Ng5+ Kf8 39. Nh7+ Ke7 40. Qg5+ Ke8 41. Qg6+ Kd7 42. Qxf5+ Kc6 43. Qe4+ Kd6 44. Qd4+ Kc6 45. Qe4+ Kc5 46. Qd4+ Kc6 47. Qe4+ 1/2-1/2

[Event "FIN-chT1 East 1314"]
[Site "Finland"]
[Date "2014.01.11"]
[Round "5.2"]
[White "Haataja, Riku"]
[Black "Lehto, Ville"]
[Result "1-0"]
[WhiteElo "2133"]
[BlackElo "2165"]
[PlyCount "107"]
[EventDate "2013.09.21"]
[EventType "team-tourn"]
[EventRounds "9"]
[EventCountry "FIN"]
[SourceTitle "EXT 2022"]
[Source "ChessBase"]
[SourceDate "2021.10.06"]
[SourceVersion "1"]
[SourceVersionDate "2021.10.06"]
[SourceQuality "1"]
[WhiteTeam "Raahe Li"]
[BlackTeam "Helsinki KS 58"]
[WhiteTeamCountry "FIN"]
[BlackTeamCountry "FIN"]

1. c4 c5 2. Nf3 b6 3. g3 Bb7 4. Bg2 Nf6 5. 0-0 e6 6. d4 cxd4 7. Nxd4 Bxg2 8. Kxg2 Qc7 9. Qd3 Nc6 10. Nxc6 Qxc6+ 11. Qf3 Rc8 12. b3 b5 13. cxb5 Qxb5 14. Nc3 Qa5 15. Bb2 d5 16. Rfc1 Qa6 17. e4 Ba3 18. Bxa3 Qxa3 19. e5 Nd7 20. Nb5 Rxc1 21. Nxa3 Rxa1 22. Qc3 Rxa2 23. Qc8+ Ke7 24. Qxh8 Rxa3 25. Qxh7 Rxb3 26. Qxg7 a5 27. Qg5+ Ke8 28. Qf4 Rb4 29. Qe3 a4 30. Qa3 Rc4 31. h4 Nxe5 32. h5 d4 33. h6 Ng6 34. h7 Kd7 35. Qd3 Rb4 36. Qxg6 fxg6 37. h8Q Kc6 38. Qe5 Rc4 39. Qa5 d3 40. Kf3 Rd4 41. Ke3 Rd5 42. Qxa4+ Kd6 43. Kd2 g5 44. f4 gxf4 45. Qxf4+ e5 46. Qf6+ Kc5 47. g4 e4 48. Qf2+ Kd6 49. Qf4+ Re5 50. Ke3 Ke6 51. Qh6+ Ke7 52. g5 Rd5 53. Qf6+ Kd7 54. Kxe4 1-0

[Event "FIN-chT1 East 1314"]
[Site "Finland"]
[Date "2013.10.12"]
[Round "2"]
[White "Lehto, Ville"]
[Black "Nippula, Timo"]
[Result "1/2-1/2"]
[WhiteElo "2165"]
[BlackElo "2221"]
[PlyCount "56"]
[EventDate "2013.09.21"]
[EventType "team-tourn"]
[EventRounds "9"]
[EventCountry "FIN"]
[SourceTitle "EXT 2015"]
[Source "ChessBase"]
[SourceDate "2014.11.20"]
[SourceVersion "1"]
[SourceVersionDate "2014.11.20"]
[SourceQuality "1"]
[WhiteTeam "Helsinki KS 58"]
[BlackTeam "Kotka KymS"]
[WhiteTeamCountry "FIN"]
[BlackTeamCountry "FIN"]

1. d4 d6 2. e4 Nf6 3. Nc3 g6 4. f4 Bg7 5. Nf3 0-0 6. e5 Ne8 7. Bd3 c5 8. dxc5 dxe5 9. fxe5 Nc6 10. Bf4 Nc7 11. Qd2 Bg4 12. 0-0-0 Ne6 13. Bh6 Nxc5 14. Bxg7 Nxd3+ 15. cxd3 Kxg7 16. Qf4 Bxf3 17. gxf3 Qd4 18. Qxd4 Nxd4 19. Rhf1 Rac8 20. Kd2 b5 21. Ke3 Rfd8 22. f4 Rc5 23. Ne4 Rc2 24. Rd2 Nf5+ 25. Ke2 Rdc8 26. Rfd1 Nd4+ 27. Ke3 Nf5+ 28. Ke2 Nd4+ 1/2-1/2

[Event "FIN-chT1 West 1213"]
[Site "Finland"]
[Date "2012.10.27"]
[Round "2.2"]
[White "Anttila, Perttu"]
[Black "Lehto, Ville"]
[Result "1/2-1/2"]
[WhiteElo "2126"]
[BlackElo "2161"]
[PlyCount "79"]
[EventDate "2012.09.29"]
[EventType "team-tourn"]
[EventRounds "7"]
[EventCountry "FIN"]
[SourceTitle "EXT 2019"]
[Source "ChessBase"]
[SourceDate "2018.10.10"]
[SourceVersion "1"]
[SourceVersionDate "2018.10.10"]
[SourceQuality "1"]
[WhiteTeam "Vantaa EtVaS II"]
[BlackTeam "Helsinki KS 58"]
[WhiteTeamCountry "FIN"]
[BlackTeamCountry "FIN"]

1. d4 d6 2. e4 g6 3. Nc3 Bg7 4. f4 c6 5. Nf3 d5 6. e5 h5 7. Be3 Nh6 8. h3 Nf5 9. Bf2 e6 10. Qd2 Bf8 11. 0-0-0 Be7 12. Bd3 h4 13. Ne2 b6 14. g4 hxg3 15. Nxg3 c5 16. Nxf5 gxf5 17. dxc5 bxc5 18. Rdg1 Nc6 19. h4 Rb8 20. Rg7 Qb6 21. c3 Ba6 22. Ne1 Qa5 23. Rhg1 Qxa2 24. Rg8+ Kd7 25. Rxh8 Rxh8 26. Bxa6 Qa1+ 27. Kc2 Qxa6 28. Nd3 c4 29. Nc5+ Bxc5 30. Bxc5 Rxh4 31. Qf2 Rh8 32. Ba3 Qb6 33. Qc5 Qxc5 34. Bxc5 Rh2+ 35. Kc1 Rh4 36. Rg7 Rxf4 37. Rxf7+ Kd8 38. Bd6 Re4 39. Rf8+ Kd7 40. Rf7+ 1/2-1/2

[Event "FIN-chT1 West 1213"]
[Site "Finland"]
[Date "2012.09.29"]
[Round "1.2"]
[White "Tammela, Kari"]
[Black "Lehto, Ville"]
[Result "1-0"]
[WhiteElo "2179"]
[BlackElo "2161"]
[PlyCount "125"]
[EventDate "2012.09.29"]
[EventType "team-tourn"]
[EventRounds "7"]
[EventCountry "FIN"]
[SourceTitle "EXT 2019"]
[Source "ChessBase"]
[SourceDate "2018.10.10"]
[SourceVersion "1"]
[SourceVersionDate "2018.10.10"]
[SourceQuality "1"]
[WhiteTeam "Vaasa VSS"]
[BlackTeam "Helsinki KS 58"]
[WhiteTeamCountry "FIN"]
[BlackTeamCountry "FIN"]

1. Nf3 c5 2. c4 Nf6 3. Nc3 b6 4. e3 Bb7 5. Be2 e6 6. b3 d5 7. cxd5 Nxd5 8. Bb2 Be7 9. Bb5+ Bc6 10. Bxc6+ Nxc6 11. a3 0-0 12. 0-0 Nxc3 13. Bxc3 Bf6 14. Qc2 a5 15. Rfd1 Rc8 16. Bxf6 Qxf6 17. Qc4 e5 18. d3 Rfd8 19. Nd2 Qd6 20. Ne4 Qd5 21. Rab1 Rd7 22. Nc3 Qd6 23. h3 Rcd8 24. Na4 Qc7 25. Rbc1 h6 26. Qb5 Rb8 27. Nb2 Rd6 28. Qc4 Rbd8 29. Qc3 Qd7 30. Kf1 Qf5 31. Qc2 Rg6 32. Qe2 Qg5 33. Qf3 Rdd6 34. Nc4 Rdf6 35. Qg4 Qxg4 36. hxg4 Ne7 37. Nxe5 Rg5 38. d4 cxd4 39. exd4 Nd5 40. Rc8+ Kh7 41. Kg1 Nf4 42. Nd7 Ne2+ 43. Kh2 Rxg4 44. Nxf6+ gxf6 45. g3 Nxd4 46. Rc4 Nf3+ 47. Kg2 Rxc4 48. bxc4 Ne5 49. Rd4 a4 50. f4 Nc6 51. Rd7 Kg6 52. Kf3 h5 53. Ke4 Na5 54. Kd5 Kf5 55. Rxf7 Kg4 56. Rg7+ Kf3 57. Rg6 f5 58. Rg5 h4 59. gxh4 Kxf4 60. Rg6 Ke3 61. h5 f4 62. h6 f3 63. h7 1-0

[Event "Helsinki HSL Easter 4th Group M"]
[Site "Helsinki"]
[Date "2012.04.07"]
[Round "4"]
[White "Valli, Frans"]
[Black "Lehto, Ville"]
[Result "1-0"]
[WhiteElo "2257"]
[BlackElo "2169"]
[PlyCount "32"]
[EventDate "2012.04.05"]
[EventType "tourn"]
[EventRounds "7"]
[EventCountry "FIN"]
[SourceTitle "EXT 2022"]
[Source "ChessBase"]
[SourceDate "2021.10.06"]
[SourceVersion "1"]
[SourceVersionDate "2021.10.06"]
[SourceQuality "1"]

1. d4 Nf6 2. c4 e6 3. Nc3 Bb4 4. Qc2 b6 5. a3 Bxc3+ 6. Qxc3 Bb7 7. Nf3 0-0 8. g3 c5 9. dxc5 bxc5 10. Bg2 Nc6 11. 0-0 Qb6 12. Rd1 d5 13. Bf4 Na5 14. cxd5 Nxd5 15. Qc2 Nxf4 16. gxf4 Rab8 1-0

[Event "FIN-chT1B 1112"]
[Site "Finland"]
[Date "2011.11.20"]
[Round "4.6"]
[White "Von Wright, Aarne"]
[Black "Lehto, Ville"]
[Result "1/2-1/2"]
[WhiteElo "2078"]
[BlackElo "2169"]
[PlyCount "65"]
[EventDate "2011.09.17"]
[EventType "team-tourn"]
[EventRounds "7"]
[EventCountry "FIN"]
[SourceTitle "EXT 2019"]
[Source "ChessBase"]
[SourceDate "2018.10.10"]
[SourceVersion "1"]
[SourceVersionDate "2018.10.10"]
[SourceQuality "1"]
[WhiteTeam "Jyvaskyla JyS"]
[BlackTeam "Helsinki KS 58"]
[WhiteTeamCountry "FIN"]
[BlackTeamCountry "FIN"]

1. d4 Nf6 2. e3 b6 3. f4 d5 4. Nf3 Bb7 5. Bd3 Nbd7 6. 0-0 Ne4 7. Nbd2 Ndf6 8. Ne5 a6 9. c3 Nxd2 10. Bxd2 Ne4 11. Qa4+ c6 12. Bxe4 dxe4 13. Qb3 e6 14. f5 Bc8 15. fxe6 Bxe6 16. Qc2 f6 17. Nxc6 Qd5 18. Nb4 Bxb4 19. cxb4 0-0 20. Bc3 Rac8 21. Qe2 Qg5 22. Rf4 Bc4 23. Qf2 f5 24. h4 Qg6 25. a4 Qe6 26. Qg3 Qg6 27. Qh3 Be2 28. Re1 Bg4 29. Qg3 Qc6 30. a5 b5 31. Ref1 Qd5 32. R4f2 Rf6 33. Qe5 1/2-1/2

[Event "FIN-chT1B 1112"]
[Site "Finland"]
[Date "2011.09.17"]
[Round "1"]
[White "Kilpela, Panu"]
[Black "Lehto, Ville"]
[Result "0-1"]
[WhiteElo "2088"]
[BlackElo "2169"]
[PlyCount "116"]
[EventDate "2011.09.17"]
[EventType "team-tourn"]
[EventRounds "7"]
[EventCountry "FIN"]
[SourceTitle "EXT 2019"]
[Source "ChessBase"]
[SourceDate "2018.10.10"]
[SourceVersion "1"]
[SourceVersionDate "2018.10.10"]
[SourceQuality "1"]
[WhiteTeam "Helsinki HSK"]
[BlackTeam "Helsinki KS 58"]
[WhiteTeamCountry "FIN"]
[BlackTeamCountry "FIN"]

1. e4 c5 2. Nf3 d6 3. Bb5+ Bd7 4. a4 Nc6 5. h3 g6 6. 0-0 Bg7 7. Re1 e5 8. c3 Nge7 9. Na3 0-0 10. Nc2 f5 11. Bc4+ Kh8 12. Ng5 Qe8 13. Ne6 Bxe6 14. Bxe6 fxe4 15. Rxe4 d5 16. Re1 Rd8 17. d3 Nf5 18. Bxf5 gxf5 19. f4 e4 20. d4 cxd4 21. cxd4 Na5 22. Ne3 Nc4 23. b3 Nxe3 24. Bxe3 Rf6 25. Kh2 Rc6 26. Rc1 Rdc8 27. Qd2 Qd7 28. Qb2 Bf8 29. Rxc6 Rxc6 30. Rc1 Bb4 31. Bd2 Bd6 32. g3 Kg8 33. Kg2 Qe7 34. Rxc6 bxc6 35. Qc3 Qb7 36. Kf2 a5 37. Qxa5 Qxb3 38. Qd8+ Bf8 39. Qg5+ Bg7 40. Qd8+ Kf7 41. Qd7+ Kg6 42. Qxc6+ Bf6 43. Qe8+ Kh6 44. Qf8+ Bg7 45. Qd6+ Kh5 46. g4+ Kh4 47. Qe7+ Kxh3 48. Qxg7 Qf3+ 49. Ke1 fxg4 50. Qh6+ Kg2 51. Qa6 Qf2+ 52. Kd1 Kf3 53. Qb5 g3 54. Qxd5 Qe2+ 55. Kc1 g2 56. Qh5+ Kf2 57. Qh4+ Kf1 58. Qh3 Qf3 0-1

[Event "Helsinki We HSK 8th Group M"]
[Site "Helsinki"]
[Date "2011.08.27"]
[Round "2"]
[White "Lehto, Ville"]
[Black "Ketola, Ville"]
[Result "0-1"]
[WhiteElo "2174"]
[BlackElo "2117"]
[PlyCount "110"]
[EventDate "2011.08.26"]
[EventType "tourn"]
[EventRounds "5"]
[EventCountry "FIN"]
[SourceTitle "EXT 2022"]
[Source "ChessBase"]
[SourceDate "2021.10.06"]
[SourceVersion "1"]
[SourceVersionDate "2021.10.06"]
[SourceQuality "1"]

1. e4 d5 2. exd5 c6 3. c4 cxd5 4. cxd5 Qxd5 5. Nc3 Qa5 6. d4 e6 7. Nf3 Nf6 8. Bd2 Be7 9. Bd3 0-0 10. 0-0 Nc6 11. Re1 Qd8 12. Be3 b6 13. Rc1 Bb7 14. Ng5 g6 15. Nf3 Ng4 16. h3 Nxe3 17. fxe3 Bf6 18. Ne4 Bg7 19. Qa4 Ne7 20. Qd1 Nf5 21. Nc3 Ng3 22. Qd2 Bxf3 23. gxf3 Qh4 24. Kg2 Nh5 25. Qf2 Qe7 26. Bc4 Rfd8 27. Rcd1 Bf6 28. Re2 Bh4 29. Qg1 Qc7 30. Bd3 Qg3+ 31. Kh1 Qxh3+ 32. Qh2 Ng3+ 33. Kg1 Nxe2+ 34. Qxe2 Qg3+ 35. Kf1 h5 36. f4 Qh3+ 37. Kg1 Qg4+ 38. Qxg4 hxg4 39. Be2 f5 40. Bc4 Kf7 41. d5 Ke7 42. dxe6 Rxd1+ 43. Nxd1 Rd8 44. Nc3 Rd2 45. b4 Rc2 46. Nd5+ Kxe6 47. Bb3 Rc1+ 48. Kg2 Kd6 49. b5 Rb1 50. Nb4 Rb2+ 51. Kf1 Rb1+ 52. Ke2 Re1+ 53. Kd3 g3 54. Bd5 Rd1+ 55. Kc4 Rxd5 0-1

[Event "FIN-chT1B 1011"]
[Site "Finland"]
[Date "2011.02.13"]
[Round "8.6"]
[White "Sorsa, Miitrei"]
[Black "Lehto, Ville"]
[Result "0-1"]
[WhiteElo "2170"]
[BlackElo "2176"]
[PlyCount "82"]
[EventDate "2010.09.18"]
[EventType "team-tourn"]
[EventRounds "9"]
[EventCountry "FIN"]
[SourceTitle "EXT 2022"]
[Source "ChessBase"]
[SourceDate "2021.10.06"]
[SourceVersion "1"]
[SourceVersionDate "2021.10.06"]
[SourceQuality "1"]
[WhiteTeam "Turku TS"]
[BlackTeam "Helsinki KS 58"]
[WhiteTeamCountry "FIN"]
[BlackTeamCountry "FIN"]

1. e4 c5 2. c3 d5 3. exd5 Qxd5 4. Qf3 Qxf3 5. Nxf3 Nc6 6. d3 Bg4 7. Be3 Bxf3 8. gxf3 e6 9. Nd2 0-0-0 10. f4 Nf6 11. Ne4 Nd5 12. 0-0-0 b6 13. Bg2 Be7 14. Ng5 Bxg5 15. fxg5 Ne5 16. d4 Nxe3 17. fxe3 Ng4 18. Rhe1 Nxh2 19. Re2 h6 20. gxh6 Rxh6 21. b4 cxb4 22. cxb4 f5 23. Kb2 Ng4 24. Rd3 Rh2 25. Rc2+ Kd7 26. Ra3 Ke7 27. Rxa7+ Kf6 28. Ra3 g5 29. Rd3 f4 30. exf4 gxf4 31. Bf3 Rxc2+ 32. Kxc2 Ne3+ 33. Kd2 Nf5 34. Kc3 Rc8+ 35. Kb3 b5 36. Be4 Rc4 37. Bxf5 Kxf5 38. d5 e5 39. d6 Rc8 40. d7 Rd8 41. Kc3 Ke6 0-1

[Event "FIN-chT1A 0910"]
[Site "Finland"]
[Date "2010.02.13"]
[Round "6.5"]
[White "Lehto, Ville"]
[Black "Nieminen, Samuli"]
[Result "1/2-1/2"]
[WhiteElo "2172"]
[BlackElo "2023"]
[PlyCount "132"]
[EventDate "2009.09.19"]
[EventType "team-tourn"]
[EventRounds "7"]
[EventCountry "FIN"]
[SourceTitle "EXT 2022"]
[Source "ChessBase"]
[SourceDate "2021.10.06"]
[SourceVersion "1"]
[SourceVersionDate "2021.10.06"]
[SourceQuality "1"]
[WhiteTeam "Helsinki KS 58"]
[BlackTeam "Salo SK II"]
[WhiteTeamCountry "FIN"]
[BlackTeamCountry "FIN"]

1. e4 c6 2. d4 d5 3. Nd2 dxe4 4. Nxe4 Bf5 5. Ng3 Bg6 6. h4 h6 7. Nf3 Nd7 8. h5 Bh7 9. Bd3 Bxd3 10. Qxd3 e6 11. Bd2 Be7 12. Ne4 Ngf6 13. c4 Qc7 14. g3 Rd8 15. Qe2 c5 16. Nxf6+ Nxf6 17. Bc3 cxd4 18. Nxd4 Bb4 19. Bxb4 Rxd4 20. Rh4 Rxh4 21. gxh4 Qf4 22. Rd1 Qe4 23. Qxe4 Nxe4 24. Rd4 Nf6 25. Bc5 b6 26. Ba3 Nxh5 27. c5 bxc5 28. Bxc5 Nf6 29. Ra4 Kd7 30. Rxa7+ Kc6 31. Be3 Nd7 32. b4 Rb8 33. a3 e5 34. Kd2 f5 35. f3 f4 36. Bf2 g5 37. Kc3 e4 38. fxe4 g4 39. Ra6+ Kc7 40. Rxh6 Rg8 41. Rh7 g3 42. Bd4 Kd6 43. Rf7 g2 44. Bg1 Rg3+ 45. Kd4 Rxa3 46. Rxf4 Ra1 47. Be3 g1Q 48. Bxg1 Rxg1 49. Rf5 Rd1+ 50. Ke3 Rb1 51. b5 Ne5 52. Kf4 Rxb5 53. h5 Nd3+ 54. Kg5 Ne5 55. Kf6 Nd7+ 56. Kg7 Rb1 57. Rg5 Ke7 58. h6 Rf1 59. h7 Rf7+ 60. Kh6 Rf6+ 61. Kh5 Rf1 62. Kh6 Rf6+ 63. Kg7 Rf7+ 64. Kh8 Nf6 65. Rg7 Rxg7 66. Kxg7 Nxh7 1/2-1/2

[Event "FIN-chT1A 0910"]
[Site "Finland"]
[Date "2009.10.17"]
[Round "4.6"]
[White "Lehto, Ville"]
[Black "Mustonen, Ilkka"]
[Result "1-0"]
[WhiteElo "2172"]
[BlackElo "2072"]
[PlyCount "57"]
[EventDate "2009.09.19"]
[EventType "team-tourn"]
[EventRounds "7"]
[EventCountry "FIN"]
[SourceTitle "EXT 2022"]
[Source "ChessBase"]
[SourceDate "2021.10.06"]
[SourceVersion "1"]
[SourceVersionDate "2021.10.06"]
[SourceQuality "1"]
[WhiteTeam "Helsinki KS 58"]
[BlackTeam "Helsinki HSK III"]
[WhiteTeamCountry "FIN"]
[BlackTeamCountry "FIN"]

1. e4 c5 2. Nf3 g6 3. Nc3 Bg7 4. Bc4 d6 5. 0-0 Nf6 6. e5 dxe5 7. Nxe5 0-0 8. d3 Qc7 9. Bf4 Nh5 10. Nd5 Qd8 11. Bg5 Nf6 12. Nc3 Qc7 13. Re1 a6 14. Qf3 Be6 15. Bxe6 fxe6 16. Qh3 Qc8 17. Nc4 Nbd7 18. Qxe6+ Kh8 19. a4 Qc7 20. Bh4 Rae8 21. Bg3 Qd8 22. a5 Nh5 23. Nd5 Nxg3 24. hxg3 Bd4 25. Re2 Bg7 26. Rae1 Nf6 27. Nxe7 Qd4 28. c3 Qg4 29. Qxg4 1-0

[Event "FIN-chT1A 0910"]
[Site "Finland"]
[Date "2009.09.19"]
[Round "2.6"]
[White "Junnila, Ville"]
[Black "Lehto, Ville"]
[Result "0-1"]
[WhiteElo "2031"]
[BlackElo "2172"]
[PlyCount "80"]
[EventDate "2009.09.19"]
[EventType "team-tourn"]
[EventRounds "7"]
[EventCountry "FIN"]
[SourceTitle "EXT 2022"]
[Source "ChessBase"]
[SourceDate "2021.10.06"]
[SourceVersion "1"]
[SourceVersionDate "2021.10.06"]
[SourceQuality "1"]
[WhiteTeam "Turku TS II"]
[BlackTeam "Helsinki KS 58"]
[WhiteTeamCountry "FIN"]
[BlackTeamCountry "FIN"]

1. e4 c5 2. Nc3 e6 3. f4 d5 4. d3 dxe4 5. dxe4 Qxd1+ 6. Kxd1 Nf6 7. Nf3 Nc6 8. Bc4 a6 9. a4 Bd7 10. e5 Ng4 11. Ke2 Nb4 12. Bb3 Bc6 13. Rd1 h5 14. h3 Nh6 15. Be3 Nf5 16. Bf2 Rc8 17. a5 Be7 18. Rd2 Rh6 19. g4 hxg4 20. hxg4 Nd4+ 21. Bxd4 cxd4 22. Rxd4 Rh3 23. Rf1 Rg3 24. g5 Rg2+ 25. Kd1 Bc5 26. Rd2 Rd8 27. Rxd8+ Kxd8 28. Nd2 g6 29. Nde4 Be3 30. Rf3 Rg1+ 31. Ke2 Bc1 32. Rh3 Ke7 33. Rh8 Bxf4 34. Ba4 Bxe5 35. Ra8 b5 36. Ra7+ Kf8 37. Bb3 Rg4 38. Ke3 Bxc3 39. Nxc3 Rxg5 40. Ne4 Re5 0-1

[Event "Espoo We ESK"]
[Site "Espoo"]
[Date "2009.??.??"]
[Round "1"]
[White "Suuronen, Petri"]
[Black "Lehto, Ville"]
[Result "1-0"]
[WhiteElo "1960"]
[BlackElo "2169"]
[PlyCount "86"]
[EventDate "2009.??.??"]
[EventType "swiss"]
[EventRounds "5"]
[EventCountry "FIN"]
[SourceTitle "EXT 2022"]
[Source "ChessBase"]
[SourceDate "2021.10.06"]
[SourceVersion "1"]
[SourceVersionDate "2021.10.06"]
[SourceQuality "1"]

1. Nf3 d5 2. d4 c6 3. c4 Nf6 4. Nc3 g6 5. cxd5 cxd5 6. Bf4 a6 7. e3 Bg7 8. Qb3 0-0 9. Bxb8 Rxb8 10. Bxa6 Bf5 11. Be2 b5 12. 0-0 b4 13. Na4 Ne4 14. Rfc1 Qd6 15. Nc5 g5 16. Nxe4 dxe4 17. Nd2 Qg6 18. Rc5 Rfd8 19. Rac1 e5 20. Rc6 Rd6 21. d5 Rbd8 22. Qxb4 Bf8 23. Qc3 Bd7 24. Rxd6 Bxd6 25. Nc4 Rc8 26. Qd2 Bc7 27. Qd1 f5 28. a4 Qf6 29. b4 f4 30. Bg4 Qe7 31. Bxd7 Qxd7 32. b5 f3 33. b6 Qg4 34. g3 Bb8 35. a5 Rc5 36. a6 Qc8 37. a7 Bxa7 38. bxa7 Qa8 39. d6 Qd8 40. Qa4 Qa8 41. d7 Rc7 42. d8Q+ Qxd8 43. a8Q Rc8 1-0

[Event "FIN-chT 0708"]
[Site "Finland"]
[Date "2008.03.09"]
[Round "9.8"]
[White "Kytoniemi, Jyrki"]
[Black "Lehto, Ville"]
[Result "1-0"]
[WhiteElo "2277"]
[BlackElo "2180"]
[PlyCount "99"]
[EventDate "2007.09.15"]
[EventType "team-tourn"]
[EventRounds "9"]
[EventCountry "FIN"]
[SourceTitle "EXT 2022"]
[Source "ChessBase"]
[SourceDate "2021.10.06"]
[SourceVersion "1"]
[SourceVersionDate "2021.10.06"]
[SourceQuality "1"]
[WhiteTeam "Tampere OpusCapita"]
[BlackTeam "Salo SK"]
[WhiteTeamCountry "FIN"]
[BlackTeamCountry "FIN"]

1. e4 e5 2. Nf3 Nc6 3. d4 exd4 4. Bc4 Nf6 5. e5 d5 6. Bb5 Ne4 7. Nxd4 Bd7 8. Bxc6 bxc6 9. 0-0 Bc5 10. Be3 Qe7 11. f3 Ng5 12. f4 Ne4 13. Nd2 Nxd2 14. Qxd2 Bxd4 15. Bxd4 Bf5 16. Qf2 a5 17. a4 Qe6 18. Ra3 h5 19. Rg3 g6 20. h4 0-0 21. Rc3 Rfb8 22. b3 Be4 23. Re1 Ra6 24. Ree3 Qg4 25. Rg3 Qd1+ 26. Kh2 Bf5 27. Rg5 Rb4 28. Rxf5 gxf5 29. Rg3+ Kh7 30. c3 c5 31. cxb4 cxd4 32. b5 Re6 33. Qf3 Qxf3 34. Rxf3 f6 35. Rd3 fxe5 36. fxe5 Rxe5 37. Rxd4 Kg6 38. b4 axb4 39. Rxb4 Kf6 40. a5 Re8 41. b6 cxb6 42. axb6 Ke5 43. b7 Rb8 44. Kg3 Kd6 45. Kf4 Kc6 46. Kxf5 Rxb7 47. Rxb7 Kxb7 48. g4 hxg4 49. Kxg4 d4 50. h5 1-0